00489nam a2200169Ia 450000500170000000800410001702000130005808200130007124500150008426000450009930000130014465000240015770000200018194200060020195200970020799900150030420250528035938.0240331s9999 xx 000 0 und d a13916886 bSANa303 0aSanskruthi aBoralesgamuwabCultural Expressionc2009 a135 p ., aCultural Commentary aSankruti. eedt cL 001040708LaWERCLbWERCLcSSCd2024-03-31l0o 303.6 SANp6447r2024-03-31w2024-03-31yL c5164d5164